| 000 | 00982nam a2200277 a 4500 | ||
|---|---|---|---|
| 003 | CO-ViMGA | ||
| 005 | 20230915233132.0 | ||
| 008 | 110317s2010 ck a gr 00010 spa d | ||
| 020 | _a9789588293684 | ||
| 040 |
_aCO-ViMGA _bspa _cCO-ViMGA |
||
| 082 | 0 | 4 |
_a306.7 _bS15 |
| 100 | 1 | 0 |
_aDos Santos, Flavia _920065 |
| 245 | 1 | 0 |
_aSexo sin misterio _cFlavia Dos Santos ; editor Benjamn̕ Villegas |
| 250 | _a2a. edicin̤ | ||
| 260 |
_aBogot _bVillegas Editores _c2010 |
||
| 300 |
_a207 pg̀inas _bilustraciones _c21 cm. |
||
| 490 | 0 | _aColeccin̤ dorada. Interš general | |
| 490 | 0 | _aVillegas autoayuda | |
| 500 | _aDonacin̤ Villegas Editores | ||
| 500 | _aIncluye datos biogrf̀icos de la autora en la solapa | ||
| 650 | 1 | 4 |
_aRelaciones sexuales _vPreguntas y respuestas _2LEMB _921406 |
| 650 | 1 | 4 |
_aSexo (Psicologia) _vPreguntas y respuestas _2LEMB _921405 |
| 650 | 1 | 4 |
_aSexo _vPreguntas y respuestas _2LEMB _922327 |
| 700 | 1 | 0 |
_aBenjamn̕, Villegas _eeditor _922328 |
| 942 |
_2ddc _cREF |
||
| 999 |
_c9221 _d9221 |
||